00174nam a2200073Ia 4500008004100000100002300041245001900064999001700083170627s9999 xx 000 0 und d aKANETKAR- YASHWANT 0aWORKING WITH C c34926d34926